Occupational therapy in community based practice settings

Tallennettuna:
Bibliografiset tiedot
Päätekijä: SCAFFA, Marjorie E. Reitz,S. Maggie
Aineistotyyppi: Kirja
Kieli:englanti
Julkaistu: F.A. Davis 2014
Tagit: Lisää tagi
Ei tageja, Lisää ensimmäinen tagi!

MARC

LEADER 00000nam a22000007a 4500
008 230126b |||||||| |||| 00| 0 eng d
020 |a 9780803625808 
100 |a SCAFFA, Marjorie E.  |a Reitz,S. Maggie 
245 |a Occupational therapy in community based practice settings  |c Marjorie E. Scaffa, S. Maggie Reitz.  |g  xxv,452p;ill 
250 |b 2nd 
260 |b F.A. Davis  |c 2014  |h Philadelphia -, USA  |i 699758   |i 699759  |l RM735.Sc1  |m Occupational Therapy--methods   |m Community Health Services 
500 |a Includes bibliographical references and index. 
942 |a lcc  |c BK  |e Johnson  |f 26/01/23 
952 |0 0  |1 0  |2 lcc  |4 0  |6 RM0735 S C1  |7 0  |9 4187  |a HE  |b HOL  |c QZ  |d 2023-01-26  |l 0  |o RM735.Sc1  |p 2023-0117  |r 2023-01-26 00:00:00  |t 699758  |w 2023-01-26  |y BK 
952 |0 0  |1 0  |2 lcc  |4 0  |6 RM0735 S C1  |7 0  |9 4188  |a HOL  |b HOL  |c QZ  |d 2023-01-26  |l 0  |o RM735.Sc1  |p 2023-0118  |r 2023-01-26 00:00:00  |t 699759  |w 2023-01-26  |y BK 
999 |c 2098  |d 2098